Contentious marriages, eloping couples: (Record no. 17629)

MARC details
000 -LEADER
fixed length control field 00818nam a22002177a 4500
005 - DATE AND TIME OF LATEST TRANSACTION
control field 20081022111821.0
008 - FIXED-LENGTH DATA ELEMENTS--GENERAL INFORMATION
fixed length control field 081022t xxu||||| |||| 00| 0 eng d
010 ## - LIBRARY OF CONGRESS CONTROL NUMBER
LC control number ENG-84290
020 ## - INTERNATIONAL STANDARD BOOK NUMBER
International Standard Book Number 0195684990
020 ## - INTERNATIONAL STANDARD BOOK NUMBER
Terms of availability 695.00 (hb)
035 ## - SYSTEM CONTROL NUMBER
System control number EN-67823
082 ## - DEWEY DECIMAL CLASSIFICATION NUMBER
Classification number 306.810954
100 ## - MAIN ENTRY--PERSONAL NAME
Personal name Chowdhry, Prem
245 ## - TITLE STATEMENT
Title Contentious marriages, eloping couples:
Remainder of title gender, caste and patriarchy in northern India /
Statement of responsibility, etc by Prem Chowhdry
260 ## - PUBLICATION, DISTRIBUTION, ETC. (IMPRINT)
Place of publication, distribution, etc New Delhi
Name of publisher, distributor, etc Oxford University Press
260 ## - PUBLICATION, DISTRIBUTION, ETC. (IMPRINT)
Date of publication, distribution, etc 2007
300 ## - PHYSICAL DESCRIPTION
Extent x,347p
Dimensions 22cm
500 ## - GENERAL NOTE
General note Includes bibliographical references and index
942 ## - ADDED ENTRY ELEMENTS (KOHA)
Source of classification or shelving scheme Dewey Decimal Classification
Koha item type English Books
Classification part 306.810954
Call number suffix CHO
Holdings
Withdrawn status Lost status Source of classification or shelving scheme Damaged status Not for loan Collection code Home library Current library Date acquired Cost, normal purchase price Total Checkouts Full call number Barcode Date last seen Copy number Cost, replacement price Price effective from Koha item type
    Dewey Decimal Classification   Not For Loan Non-fiction D.B.Act.Division D.B.Act.Division 28/02/2007 695.00   306.810954 CHO EN-67823 04/11/2008 1 695.00 04/11/2008 English Books

© Delhi Public Library
Hit Counter
free hit counter